5HLuxD.jpg

KING HENRY VIII SENIOR AND PRIMARY SCHOOL LIBRARY OPAC

Grandpa's great escape / (Record no. 15)

000 -LEADER
fixed length control field 01047cam a2200349 a 4500
001 - CONTROL NUMBER
control field 588601
003 - CONTROL NUMBER IDENTIFIER
control field OSt
005 - DATE AND TIME OF LATEST TRANSACTION
control field 20190828145450.0
008 - FIXED-LENGTH DATA ELEMENTS--GENERAL INFORMATION
fixed length control field 180326s2015 enka j 000 1 eng d
010 ## - LIBRARY OF CONGRESS CONTROL NUMBER
LC control number 2016952954
020 ## - INTERNATIONAL STANDARD BOOK NUMBER
International Standard Book Number 9780008183424
020 ## - INTERNATIONAL STANDARD BOOK NUMBER
International Standard Book Number 9780008284930
Qualifying information Box set
035 ## - SYSTEM CONTROL NUMBER
System control number (OCoLC)ocn919387020
040 ## - CATALOGING SOURCE
Original cataloging agency ATWFP
Language of cataloging eng
Transcribing agency TWNTU
Modifying agency TWNTU
041 0# - LANGUAGE CODE
Language code of text/sound track or separate title eng
042 ## - AUTHENTICATION CODE
Authentication code nbic
082 04 - DEWEY DECIMAL CLASSIFICATION NUMBER
Classification number FIC WAL
Edition number 23
099 ## - LOCAL FREE-TEXT CALL NUMBER (OCLC)
Classification number 841E
100 1# - MAIN ENTRY--PERSONAL NAME
Personal name Walliams, David,
Dates associated with a name 1971-
245 10 - TITLE STATEMENT
Title Grandpa's great escape /
Statement of responsibility, etc. written by David Walliams ; illustrated by Tony Ross.
260 ## - PUBLICATION, DISTRIBUTION, ETC.
Place of publication, distribution, etc. London :
Name of publisher, distributor, etc. HarperCollins Children's Books,
Date of publication, distribution, etc. c2015.
300 ## - PHYSICAL DESCRIPTION
Extent 460 p. :
Other physical details ill. ;
Dimensions 22 cm.
336 ## - CONTENT TYPE
Content type term text
Source rdacontent.
337 ## - MEDIA TYPE
Media type term unmediated
Source rdamedia.
338 ## - CARRIER TYPE
Carrier type term volume
Source rdacarrier.
650 #0 - SUBJECT ADDED ENTRY--TOPICAL TERM
Topical term or geographic name entry element Grandfathers
Form subdivision Juvenile fiction.
650 #0 - SUBJECT ADDED ENTRY--TOPICAL TERM
Topical term or geographic name entry element Grandparent and child
Form subdivision Juvenile fiction.
650 #0 - SUBJECT ADDED ENTRY--TOPICAL TERM
Topical term or geographic name entry element Nursing home care
Form subdivision Juvenile fiction.
650 #0 - SUBJECT ADDED ENTRY--TOPICAL TERM
Topical term or geographic name entry element Escapes
Form subdivision Juvenile fiction.
700 1# - ADDED ENTRY--PERSONAL NAME
Personal name Ross, Tony.
Relator term Illustrator
942 ## - ADDED ENTRY ELEMENTS (KOHA)
Source of classification or shelving scheme
Koha item type Books - Fiction
Holdings
Withdrawn status Lost status Source of classification or shelving scheme Damaged status Not for loan Collection code Permanent Location Current Location Shelving location Date acquired Total Checkouts Full call number Barcode Date last seen Date last checked out Copy number Price effective from Koha item type Total Renewals
          Fiction KH8 Senior School Library KH8 Senior School Library Fiction 2019-07-23 3 FIC WAL 3KHSL000101301 2020-10-06 2020-10-01 1 2019-07-23 Books - Fiction  
          Fiction KH8 Senior School Library KH8 Senior School Library Fiction 2019-12-20 8 FIC WAL 3KHSL000101572 2026-04-07 2026-03-17 2 2019-12-20 Books - Fiction 1

Powered By KH8 IT Dept